| 000 | 00828nam a2200265Ia 4500 | ||
|---|---|---|---|
| 003 | OSt | ||
| 005 | 20220923215636.0 | ||
| 006 | a|||||r|||| 00| 0 | ||
| 007 | ta | ||
| 008 | 220922b |||||||| |||| 00| 0 hin d | ||
| 024 | _a180,519 | ||
| 037 | _cTextual | ||
| 040 |
_aARTS _cARTS _bhin |
||
| 041 |
_2hin _ahin |
||
| 082 | _aO152,1J94w, M2;N2-;2 | ||
| 100 | _aबच्चन सिंह | ||
| 245 | 0 | _aबिहारी | |
| 246 | _aBihārī | ||
| 250 | _aसंस्क0 3 | ||
| 260 |
_aनई दिल्ली _b साहित्य अकादेमी _c1992 |
||
| 300 |
_a60 पृ. _ccm. |
||
| 490 | _aभारतीय साहित्य के निर्माता | ||
| 942 |
_hO152,1J94w, M2;N2-;2 _cTEXL _2CC |
||
| 999 |
_c333897 _d333897 |
||